[Event "VI Sunway Sitges Open 2019"]
[Site "Sitges"]
[Date "2019.12.18"]
[Round "6.40"]
[White "Saduakassova, Dinara"]
[Black "Pajeken, Jakob Leon"]
[Result "1-0"]
[WhiteElo "2505"]
[BlackElo "2350"]
[Annotator "ChessBase"]
[PlyCount "97"]
[EventDate "2019.12.13"]
[EventType "swiss"]
[EventCountry "ESP"]
[SourceTitle "playchess.com"]
[Source "ChessBase"]
[SourceQuality "1"]
[TimeControl "40/5400+30:1800+30"]

1. d4 {[%emt 0:00:00]} d5 {[%emt 0:00:00]} 2. c4 {[%emt 0:00:00]} dxc4 {[%emt 0:00:00]} 3. Nf3 {[%emt 0:00:00]} Nf6 {[%emt 0:00:00]} 4. e3 {[%emt 0:00:00]} e6 {[%emt 0:00:02]} 5. Bxc4 {[%emt 0:00:00]} c5 {[%emt 0:00:06]} 6. O-O {[%emt 0:00:56]} a6 {[%emt 0:00:29]} 7. Re1 {[%emt 0:00:15]} Nc6 {[%emt 0:04:42]} 8. Nc3 {[%emt 0:00:31]} Be7 {[%emt 0:03:29]} 9. dxc5 {[%emt 0:01:02]} Bxc5 {[%emt 0:06:42]} 10. Qxd8+ {[%emt 0:05:33]} Kxd8 {[%emt 0:00:39]} 11. Ng5 {[%emt 0:03:08]} Ke7 {[%emt 0:02:17]} 12. Nge4 {[%emt 0:00:29]} Nxe4 {[%emt 0:02:25]} 13. Nxe4 {[%emt 0:00:04]} Bb4 {[%emt 0:01:13]} 14. Rd1 {[%emt 0:00:51]} f5 {[%emt 0:08:10]} 15. a3 {[%emt 0:02:22]} Ba5 {[%emt 0:07:40]} 16. Nc5 {[%emt 0:03:43]} Rd8 {[%emt 0:10:05]} 17. Rxd8 {[%emt 0:01:31]} Bxd8 {[%emt 0:00:08]} 18. e4 {[%emt 0:01:47]} b6 {[%emt 0:01:13]} 19. Bg5+ {[%emt 0:07:08]} Kd6 {[%emt 0:06:50]} 20. Nxe6 {[%emt 0:02:45]} Bxe6 {[%emt 0:01:33]} 21. Rd1+ {[%emt 0:00:03]} Ke5 {[%emt 0:04:36]} 22. f4+ {[%emt 0:00:09]} Kxe4 {[%emt 0:00:09]} 23. Re1+ {[%emt 0:00:34]} Kd4 {[%emt 0:00:06]} 24. Bxe6 {[%emt 0:00:12]} Bxg5 {[%emt 0:00:59]} 25. fxg5 {[%emt 0:00:28]} f4 {[%emt 0:12:21]} 26. Bf5 {[%emt 0:02:32]} g6 {[%emt 0:04:19]} 27. Be4 {[%emt 0:01:28]} Rc8 {[%emt 0:02:08]} 28. Bf3 {[%emt 0:00:32]} Kd3 {[%emt 0:05:54]} 29. Kf2 {[%emt 0:16:18]} Kc2 {[%emt 0:00:47]} 30. b4 {[%emt 0:15:44]} Nd4 {[%emt 0:09:04]} 31. Bb7 {[%emt 0:10:58]} Rc3 {[%emt 0:00:00]} 32. a4 {[%emt 0:01:14]} Kb3 {[%emt 0:00:00]} 33. a5 {[%emt 0:00:20]} bxa5 {[%emt 0:00:00]} 34. bxa5 {[%emt 0:00:04]} Rc2+ {[%emt 0:00:00]} 35. Kg1 {[%emt 0:03:35]} Rc5 {[%emt 0:00:00]} 36. Rd1 {[%emt 0:01:43]} Nc2 {[%emt 0:00:00]} 37. Rd5 {[%emt 0:01:31]} Rc7 {[%emt 0:00:00]} 38. Bxa6 {[%emt 0:04:28]} Nb4 {[%emt 0:01:23]} 39. Rd6 {[%emt 0:00:07]} Ra7 {[%emt 0:02:12]} 40. Be2 {[%emt 0:00:00]} Rxa5 {[%emt 0:00:00]} 41. h4 {[%emt 0:04:06]} Rd5 {[%emt 0:08:18]} 42. Rf6 {[%emt 0:03:31]} Rd4 {[%emt 0:00:24]} 43. Bf3 {[%emt 0:06:08]} Nd3 {[%emt 0:02:14]} 44. Rf7 {[%emt 0:00:11]} Ne5 {[%emt 0:00:54]} 45. Rxh7 {[%emt 0:00:25]} Kc3 {[%emt 0:00:38]} 46. Re7 {[%emt 0:00:37]} Nxf3+ {[%emt 0:01:27]} 47. gxf3 {[%emt 0:00:05]} Kd2 {[%emt 0:01:48]} 48. Kg2 {[%emt 0:01:41]} Rd3 {[%emt 0:01:02]} 49. Re4 {[%emt 0:00:29]} 1-0

[Event "VI Sunway Sitges Open 2019"]
[Site "Sitges"]
[Date "2019.12.18"]
[Round "6.41"]
[White "Lobanov, Sergei"]
[Black "Borocz, Istvan"]
[Result "1-0"]
[WhiteElo "2504"]
[BlackElo "2346"]
[Annotator "ChessBase"]
[PlyCount "81"]
[EventDate "2019.12.13"]
[EventType "swiss"]
[EventCountry "ESP"]
[SourceTitle "playchess.com"]
[Source "ChessBase"]
[SourceQuality "1"]
[TimeControl "40/5400+30:1800+30"]

1. e4 {[%emt 0:02:44]} c5 {[%emt 0:00:08]} 2. Nf3 {[%emt 0:00:06]} Nc6 {[%emt 0:00:05]} 3. c3 {[%emt 0:01:01]} d5 {[%emt 0:07:19]} 4. exd5 {[%emt 0:00:04]} Qxd5 {[%emt 0:00:05]} 5. d4 {[%emt 0:00:03]} Bf5 {[%emt 0:00:07]} 6. dxc5 {[%emt 0:08:53]} Qxd1+ {[%emt 0:04:23]} 7. Kxd1 {[%emt 0:00:01]} O-O-O+ {[%emt 0:00:45]} 8. Nbd2 {[%emt 0:05:20]} e5 {[%emt 0:03:13]} 9. b4 {[%emt 0:00:33]} Nf6 {[%emt 0:08:12]} 10. Bb2 {[%emt 0:21:54]} Ne4 {[%emt 0:39:44]} 11. Ke1 {[%emt 0:01:21]} Be7 {[%emt 0:02:16]} 12. Nxe4 {[%emt 0:00:51]} Bxe4 {[%emt 0:00:19]} 13. Nd2 {[%emt 0:00:04]} Bg6 {[%emt 0:06:17]} 14. Nc4 {[%emt 0:00:54]} Rhe8 {[%emt 0:02:39]} 15. Be2 {[%emt 0:01:10]} e4 {[%emt 0:01:35]} 16. g4 {[%emt 0:07:16]} f6 {[%emt 0:08:21]} 17. Bc1 {[%emt 0:02:05]} Bf7 {[%emt 0:02:46]} 18. Bf4 {[%emt 0:00:59]} Bf8 {[%emt 0:01:33]} 19. Rd1 {[%emt 0:04:53]} Rxd1+ {[%emt 0:00:33]} 20. Kxd1 {[%emt 0:00:01]} Bxc4 {[%emt 0:02:22]} 21. Bxc4 {[%emt 0:00:05]} Ne5 {[%emt 0:00:05]} 22. Be2 {[%emt 0:00:19]} Be7 {[%emt 0:00:54]} 23. Kc2 {[%emt 0:01:14]} Bd8 {[%emt 0:00:06]} 24. h4 {[%emt 0:06:40]} Bc7 {[%emt 0:00:09]} 25. Be3 {[%emt 0:00:06]} Ng6 {[%emt 0:00:59]} 26. h5 {[%emt 0:01:22]} Nf4 {[%emt 0:00:09]} 27. Bb5 {[%emt 0:00:33]} Re7 {[%emt 0:01:09]} 28. c6 {[%emt 0:01:29]} Nd5 {[%emt 0:04:16]} 29. Bxa7 {[%emt 0:01:28]} Be5 {[%emt 0:02:33]} 30. Bc5 {[%emt 0:00:06]} Rc7 {[%emt 0:01:01]} 31. c4 {[%emt 0:01:03]} Nc3 {[%emt 0:00:51]} 32. Bb6 {[%emt 0:01:51]} Re7 {[%emt 0:00:28]} 33. Kb3 {[%emt 0:01:21]} Re6 {[%emt 0:00:29]} 34. cxb7+ {[%emt 0:00:05]} Kxb7 {[%emt 0:00:05]} 35. Bc5 {[%emt 0:00:02]} Ne2 {[%emt 0:00:46]} 36. Rd1 {[%emt 0:00:13]} f5 {[%emt 0:00:16]} 37. Rd7+ {[%emt 0:00:41]} Kb8 {[%emt 0:00:04]} 38. gxf5 {[%emt 0:01:50]} Rf6 {[%emt 0:00:03]} 39. Be3 {[%emt 0:00:53]} Rxf5 {[%emt 0:00:13]} 40. c5 {[%emt 0:00:00]} Bf4 {[%emt 0:00:00]} 41. Bxe2 {[%emt 0:00:26]} 1-0

[Event "VI Sunway Sitges Open 2019"]
[Site "Sitges"]
[Date "2019.12.18"]
[Round "6.42"]
[White "Sorensen, Hampus"]
[Black "Barseghyan, Harutyun"]
[Result "1-0"]
[WhiteElo "2364"]
[BlackElo "2498"]
[Annotator "ChessBase"]
[PlyCount "75"]
[EventDate "2019.12.13"]
[EventType "swiss"]
[EventCountry "ESP"]
[SourceTitle "playchess.com"]
[Source "ChessBase"]
[SourceQuality "1"]
[TimeControl "40/5400+30:1800+30"]

1. d4 {[%emt 0:00:00]} e6 {[%emt 0:01:35]} 2. c4 {[%emt 0:00:02]} Nf6 {[%emt 0:00:07]} 3. Nf3 {[%emt 0:00:07]} d5 {[%emt 0:00:05]} 4. Bg5 {[%emt 0:00:29]} Bb4+ {[%emt 0:07:46]} 5. Nbd2 {[%emt 0:00:50]} dxc4 {[%emt 0:00:54]} 6. e3 {[%emt 0:08:47]} b5 {[%emt 0:03:27]} 7. a3 {[%emt 0:01:43]} Ba5 {[%emt 0:06:15]} 8. a4 {[%emt 0:07:31]} c3 {[%emt 0:10:56]} 9. bxc3 {[%emt 0:01:53]} Bxc3 {[%emt 0:02:31]} 10. Bxf6 {[%emt 0:09:52]} gxf6 {[%emt 0:11:47]} 11. Bxb5+ {[%emt 0:01:22]} c6 {[%emt 0:02:47]} 12. Rc1 {[%emt 0:00:39]} cxb5 {[%emt 0:01:48]} 13. Rxc3 {[%emt 0:00:55]} b4 {[%emt 0:00:12]} 14. Rc1 {[%emt 0:10:12]} a5 {[%emt 0:03:57]} 15. e4 {[%emt 0:04:50]} Ba6 {[%emt 0:01:33]} 16. Nc4 {[%emt 0:03:34]} Bxc4 {[%emt 0:03:25]} 17. Rxc4 {[%emt 0:00:03]} Nd7 {[%emt 0:00:21]} 18. O-O {[%emt 0:02:16]} O-O {[%emt 0:09:13]} 19. d5 {[%emt 0:01:58]} exd5 {[%emt 0:11:12]} 20. Rd4 {[%emt 0:04:54]} Ne5 {[%emt 0:01:12]} 21. Rxd5 {[%emt 0:00:49]} Qe7 {[%emt 0:11:04]} 22. Nxe5 {[%emt 0:06:37]} fxe5 {[%emt 0:00:01]} 23. Qh5 {[%emt 0:07:14]} f6 {[%emt 0:00:51]} 24. Rfd1 {[%emt 0:00:35]} Qf7 {[%emt 0:01:19]} 25. Qh4 {[%emt 0:04:55]} Qg6 {[%emt 0:00:24]} 26. R1d3 {[%emt 0:00:21]} Kh8 {[%emt 0:00:18]} 27. h3 {[%emt 0:10:06]} Ra7 {[%emt 0:00:03]} 28. Rd8 {[%emt 0:01:43]} Rxd8 {[%emt 0:00:35]} 29. Rxd8+ {[%emt 0:00:01]} Kg7 {[%emt 0:00:00]} 30. Rd3 {[%emt 0:00:35]} Rb7 {[%emt 0:01:05]} 31. f4 {[%emt 0:02:59]} b3 {[%emt 0:02:58]} 32. f5 {[%emt 0:00:16]} b2 {[%emt 0:02:12]} 33. fxg6 {[%emt 0:00:07]} b1=Q+ {[%emt 0:00:03]} 34. Kh2 {[%emt 0:00:11]} hxg6 {[%emt 0:00:03]} 35. Rd8 {[%emt 0:00:15]} Kf7 {[%emt 0:01:05]} 36. Qh7+ {[%emt 0:00:48]} Ke6 {[%emt 0:00:02]} 37. Qg8+ {[%emt 0:00:29]} Ke7 {[%emt 0:00:07]} 38. Qe8# {[%emt 0:00:12]} 1-0

[Event "VI Sunway Sitges Open 2019"]
[Site "Sitges"]
[Date "2019.12.18"]
[Round "6.43"]
[White "Iniyan, P."]
[Black "Sidhant, Mohapatra"]
[Result "1/2-1/2"]
[WhiteElo "2497"]
[BlackElo "2338"]
[Annotator "ChessBase"]
[PlyCount "40"]
[EventDate "2019.12.13"]
[EventType "swiss"]
[EventCountry "ESP"]
[SourceTitle "playchess.com"]
[Source "ChessBase"]
[SourceQuality "1"]
[TimeControl "40/5400+30:1800+30"]

1. d4 {[%emt 0:00:52]} Nf6 {[%emt 0:00:23]} 2. c4 {[%emt 0:00:10]} e6 {[%emt 0:00:09]} 3. Nf3 {[%emt 0:00:07]} d5 {[%emt 0:00:08]} 4. Bg5 {[%emt 0:00:12]} Be7 {[%emt 0:00:20]} 5. e3 {[%emt 0:00:06]} h6 {[%emt 0:00:31]} 6. Bh4 {[%emt 0:00:05]} O-O {[%emt 0:00:07]} 7. Nc3 {[%emt 0:00:03]} Ne4 {[%emt 0:00:10]} 8. Bxe7 {[%emt 0:00:08]} Qxe7 {[%emt 0:00:08]} 9. Rc1 {[%emt 0:00:04]} c6 {[%emt 0:00:26]} 10. g4 {[%emt 0:00:06]} Nd7 {[%emt 0:01:34]} 11. h4 {[%emt 0:00:10]} Nxc3 {[%emt 0:00:47]} 12. Rxc3 {[%emt 0:00:06]} g6 {[%emt 0:00:10]} 13. g5 {[%emt 0:10:38]} h5 {[%emt 0:01:37]} 14. Qc2 {[%emt 0:00:08]} e5 {[%emt 0:01:31]} 15. cxd5 {[%emt 0:20:44]} cxd5 {[%emt 0:01:33]} 16. dxe5 {[%emt 0:12:09]} Nxe5 {[%emt 0:00:19]} 17. Nd4 {[%emt 0:00:04]} Nc6 {[%emt 0:10:37]} 18. Qd3 {[%emt 0:23:22]} Ne5 {[%emt 0:11:51]} 19. Qc2 {[%emt 0:00:09]} Nc6 {[%emt 0:00:05]} 20. Qd3 {[%emt 0:00:07]} Ne5 {[%emt 0:00:05]} 1/2-1/2

[Event "VI Sunway Sitges Open 2019"]
[Site "Sitges"]
[Date "2019.12.18"]
[Round "6.44"]
[White "Gines Esteo, Pedro Antonio"]
[Black "Rafiee, Makan"]
[Result "1-0"]
[WhiteElo "2483"]
[BlackElo "2335"]
[Annotator "ChessBase"]
[PlyCount "95"]
[EventDate "2019.12.13"]
[EventType "swiss"]
[EventCountry "ESP"]
[SourceTitle "playchess.com"]
[Source "ChessBase"]
[SourceQuality "1"]
[TimeControl "40/5400+30:1800+30"]

1. Nf3 {[%emt 0:09:23]} c5 {[%emt 0:00:14]} 2. e3 {[%emt 0:04:37]} g6 {[%emt 0:01:35]} 3. c4 {[%emt 0:09:44]} Nf6 {[%emt 0:01:28]} 4. Nc3 {[%emt 0:00:29]} Bg7 {[%emt 0:00:09]} 5. b3 {[%emt 0:00:04]} O-O {[%emt 0:02:33]} 6. Bb2 {[%emt 0:00:04]} d5 {[%emt 0:02:14]} 7. Nxd5 {[%emt 0:04:13]} Nxd5 {[%emt 0:00:06]} 8. Bxg7 {[%emt 0:00:03]} Kxg7 {[%emt 0:02:06]} 9. cxd5 {[%emt 0:00:07]} Qxd5 {[%emt 0:00:03]} 10. Qc2 {[%emt 0:00:46]} b6 {[%emt 0:11:35]} 11. h4 {[%emt 0:09:13]} h5 {[%emt 0:03:59]} 12. Qc3+ {[%emt 0:08:42]} f6 {[%emt 0:00:10]} 13. Bc4 {[%emt 0:12:58]} Qc6 {[%emt 0:04:33]} 14. b4 {[%emt 0:08:30]} Ba6 {[%emt 0:07:15]} 15. Bxa6 {[%emt 0:07:47]} Nxa6 {[%emt 0:00:04]} 16. bxc5 {[%emt 0:00:10]} Qxc5 {[%emt 0:00:11]} 17. Qb3 {[%emt 0:03:37]} Qd6 {[%emt 0:18:12]} 18. d4 {[%emt 0:01:47]} Rfc8 {[%emt 0:01:36]} 19. O-O {[%emt 0:01:53]} Rc7 {[%emt 0:01:10]} 20. e4 {[%emt 0:02:29]} Qb4 {[%emt 0:04:48]} 21. Qd3 {[%emt 0:05:35]} Qc4 {[%emt 0:02:03]} 22. Qd2 {[%emt 0:00:11]} Rac8 {[%emt 0:04:34]} 23. a3 {[%emt 0:01:51]} Nb8 {[%emt 0:02:23]} 24. Qf4 {[%emt 0:02:00]} Nd7 {[%emt 0:03:21]} 25. g4 {[%emt 0:00:08]} hxg4 {[%emt 0:11:01]} 26. Qxg4 {[%emt 0:00:01]} Qb5 {[%emt 0:00:49]} 27. d5 {[%emt 0:03:31]} Nf8 {[%emt 0:06:52]} 28. Kh2 {[%emt 0:01:29]} Qd7 {[%emt 0:00:25]} 29. Qf4 {[%emt 0:00:08]} e5 {[%emt 0:01:07]} 30. Qg3 {[%emt 0:02:12]} Rc3 {[%emt 0:00:05]} 31. a4 {[%emt 0:00:56]} R8c4 {[%emt 0:00:58]} 32. Rfe1 {[%emt 0:00:44]} Qc8 {[%emt 0:00:54]} 33. Qg2 {[%emt 0:00:33]} Rb4 {[%emt 0:00:28]} 34. h5 {[%emt 0:00:28]} Rbb3 {[%emt 0:00:34]} 35. Nd2 {[%emt 0:00:22]} Rb2 {[%emt 0:00:27]} 36. Nf1 {[%emt 0:00:40]} Rcc2 {[%emt 0:00:08]} 37. Kg1 {[%emt 0:00:34]} Kh7 {[%emt 0:05:57]} 38. Ne3 {[%emt 0:00:14]} Rc7 {[%emt 0:00:06]} 39. Qf3 {[%emt 0:00:21]} Rg7 {[%emt 0:00:58]} 40. Kh1 {[%emt 0:00:00]} Kh8 {[%emt 0:00:00]} 41. Rac1 {[%emt 0:02:15]} Qd8 {[%emt 0:02:40]} 42. Qh3 {[%emt 0:15:22]} Qd7 {[%emt 0:07:37]} 43. Qxd7 {[%emt 0:03:20]} Rxd7 {[%emt 0:01:57]} 44. Rc8 {[%emt 0:00:40]} Kg7 {[%emt 0:00:08]} 45. h6+ {[%emt 0:00:53]} Kf7 {[%emt 0:00:03]} 46. Kg2 {[%emt 0:00:14]} Nh7 {[%emt 0:10:38]} 47. Rh1 {[%emt 0:03:29]} f5 {[%emt 0:06:26]} 48. Nc4 {[%emt 0:01:20]} 1-0

[Event "VI Sunway Sitges Open 2019"]
[Site "Sitges"]
[Date "2019.12.18"]
[Round "6.45"]
[White "Larino Nieto, David"]
[Black "Krastev, Alexander"]
[Result "0-1"]
[WhiteElo "2475"]
[BlackElo "2323"]
[Annotator "ChessBase"]
[PlyCount "138"]
[EventDate "2019.12.13"]
[EventType "swiss"]
[EventCountry "ESP"]
[SourceTitle "playchess.com"]
[Source "ChessBase"]
[SourceQuality "1"]
[TimeControl "40/5400+30:1800+30"]

1. Nf3 {[%emt 0:00:00]} g6 {[%emt 0:00:00]} 2. d4 {[%emt 0:00:00]} Bg7 {[%emt 0:00:00]} 3. e4 {[%emt 0:00:20]} c5 {[%emt 0:00:05]} 4. d5 {[%emt 0:04:01]} d6 {[%emt 0:00:20]} 5. h3 {[%emt 0:00:15]} Nf6 {[%emt 0:00:20]} 6. Nc3 {[%emt 0:00:10]} O-O {[%emt 0:00:08]} 7. Bf4 {[%emt 0:00:50]} b5 {[%emt 0:05:02]} 8. Nxb5 {[%emt 0:10:41]} Nxe4 {[%emt 0:00:13]} 9. Bd3 {[%emt 0:00:01]} a6 {[%emt 0:02:31]} 10. Na3 {[%emt 0:01:38]} Bxb2 {[%emt 0:15:29]} 11. Bxe4 {[%emt 0:00:44]} Qa5+ {[%emt 0:00:10]} 12. Nd2 {[%emt 0:01:04]} Qxa3 {[%emt 0:00:04]} 13. O-O {[%emt 0:00:40]} Bg7 {[%emt 0:04:34]} 14. Rb1 {[%emt 0:04:57]} Qa4 {[%emt 0:19:02]} 15. Qf3 {[%emt 0:03:47]} Nd7 {[%emt 0:11:48]} 16. Bd3 {[%emt 0:01:40]} Ra7 {[%emt 0:01:15]} 17. Nc4 {[%emt 0:01:57]} Rb7 {[%emt 0:05:16]} 18. Rb3 {[%emt 0:03:27]} Rxb3 {[%emt 0:02:49]} 19. axb3 {[%emt 0:00:02]} Qb4 {[%emt 0:00:23]} 20. Rd1 {[%emt 0:08:53]} Nf6 {[%emt 0:03:35]} 21. g4 {[%emt 0:00:51]} h5 {[%emt 0:03:54]} 22. gxh5 {[%emt 0:01:23]} Nxh5 {[%emt 0:00:13]} 23. Bd2 {[%emt 0:00:23]} Qb7 {[%emt 0:00:55]} 24. Na5 {[%emt 0:00:23]} Qd7 {[%emt 0:01:09]} 25. Bf1 {[%emt 0:01:52]} Qf5 {[%emt 0:03:42]} 26. Qxf5 {[%emt 0:00:06]} Bxf5 {[%emt 0:00:07]} 27. c3 {[%emt 0:00:20]} Nf6 {[%emt 0:01:47]} 28. Be1 {[%emt 0:01:03]} Ne4 {[%emt 0:01:26]} 29. Nc6 {[%emt 0:02:28]} Re8 {[%emt 0:00:20]} 30. Rd3 {[%emt 0:00:42]} Kf8 {[%emt 0:02:53]} 31. Re3 {[%emt 0:01:28]} Nf6 {[%emt 0:01:33]} 32. c4 {[%emt 0:00:51]} Bh6 {[%emt 0:02:00]} 33. Re2 {[%emt 0:00:11]} e6 {[%emt 0:10:40]} 34. Bc3 {[%emt 0:00:15]} Ne4 {[%emt 0:00:24]} 35. Ba5 {[%emt 0:00:22]} exd5 {[%emt 0:02:31]} 36. cxd5 {[%emt 0:00:01]} Nf6 {[%emt 0:00:05]} 37. Bd2 {[%emt 0:00:22]} Bxd2 {[%emt 0:00:34]} 38. Rxd2 {[%emt 0:00:06]} Re1 {[%emt 0:00:14]} 39. Kg2 {[%emt 0:00:52]} Be4+ {[%emt 0:00:23]} 40. f3 {[%emt 0:00:00]} Bxd5 {[%emt 0:00:00]} 41. Bc4 {[%emt 0:01:57]} Bxc6 {[%emt 0:15:04]} 42. Rxd6 {[%emt 0:00:27]} Bb5 {[%emt 0:00:04]} 43. Bxb5 {[%emt 0:00:13]} axb5 {[%emt 0:00:04]} 44. Rxf6 {[%emt 0:00:07]} Re6 {[%emt 0:00:07]} 45. Rf4 {[%emt 0:00:01]} Rc6 {[%emt 0:02:20]} 46. Re4 {[%emt 0:01:18]} c4 {[%emt 0:00:13]} 47. bxc4 {[%emt 0:01:07]} bxc4 {[%emt 0:00:04]} 48. Re2 {[%emt 0:00:04]} c3 {[%emt 0:00:07]} 49. Rc2 {[%emt 0:00:02]} Ke7 {[%emt 0:00:36]} 50. Kf2 {[%emt 0:00:40]} Kf6 {[%emt 0:00:14]} 51. h4 {[%emt 0:00:25]} Kf5 {[%emt 0:00:34]} 52. Ke2 {[%emt 0:02:39]} Kf4 {[%emt 0:00:16]} 53. Kf2 {[%emt 0:00:24]} Rc7 {[%emt 0:00:13]} 54. Ke2 {[%emt 0:00:09]} Rc6 {[%emt 0:05:54]} 55. Kf2 {[%emt 0:00:07]} f6 {[%emt 0:00:06]} 56. Ke2 {[%emt 0:00:37]} Kg3 {[%emt 0:00:13]} 57. Kd1 {[%emt 0:01:13]} Kxf3 {[%emt 0:00:36]} 58. Rh2 {[%emt 0:00:01]} c2+ {[%emt 0:00:41]} 59. Kc1 {[%emt 0:00:01]} Kg3 {[%emt 0:00:06]} 60. Rh1 {[%emt 0:00:07]} f5 {[%emt 0:00:09]} 61. h5 {[%emt 0:00:08]} gxh5 {[%emt 0:00:06]} 62. Rxh5 {[%emt 0:00:01]} f4 {[%emt 0:00:05]} 63. Rg5+ {[%emt 0:00:07]} Kf2 {[%emt 0:00:06]} 64. Rg8 {[%emt 0:00:03]} f3 {[%emt 0:00:04]} 65. Rf8 {[%emt 0:00:15]} Kg2 {[%emt 0:00:06]} 66. Rg8+ {[%emt 0:00:06]} Kf1 {[%emt 0:00:04]} 67. Rf8 {[%emt 0:00:32]} f2 {[%emt 0:00:04]} 68. Rg8 {[%emt 0:00:03]} Rc4 {[%emt 0:00:16]} 69. Rg7 {[%emt 0:00:20]} Ke2 {[%emt 0:00:05]} 0-1

[Event "VI Sunway Sitges Open 2019"]
[Site "Sitges"]
[Date "2019.12.18"]
[Round "6.46"]
[White "Karthik Venkataraman"]
[Black "Krishnater Kushager"]
[Result "1-0"]
[WhiteElo "2470"]
[BlackElo "2308"]
[Annotator "ChessBase"]
[PlyCount "77"]
[EventDate "2019.12.13"]
[EventType "swiss"]
[EventCountry "ESP"]
[SourceTitle "playchess.com"]
[Source "ChessBase"]
[SourceQuality "1"]
[TimeControl "40/5400+30:1800+30"]

1. e4 {[%emt 0:00:00]} c5 {[%emt 0:00:00]} 2. Nf3 {[%emt 0:00:00]} d6 {[%emt 0:00:00]} 3. d4 {[%emt 0:00:10]} Nf6 {[%emt 0:00:00]} 4. dxc5 {[%emt 0:00:46]} Nxe4 {[%emt 0:00:05]} 5. cxd6 {[%emt 0:00:06]} Nc6 {[%emt 0:00:29]} 6. dxe7 {[%emt 0:00:06]} Qxd1+ {[%emt 0:01:24]} 7. Kxd1 {[%emt 0:00:04]} Bxe7 {[%emt 0:00:58]} 8. Be3 {[%emt 0:00:05]} Bf5 {[%emt 0:18:12]} 9. Bd3 {[%emt 0:04:17]} O-O-O {[%emt 0:03:21]} 10. Ke2 {[%emt 0:02:13]} Nb4 {[%emt 0:03:10]} 11. a3 {[%emt 0:08:44]} Nxd3 {[%emt 0:08:28]} 12. cxd3 {[%emt 0:00:06]} Nf6 {[%emt 0:02:40]} 13. Ne5 {[%emt 0:04:20]} Rhe8 {[%emt 0:07:51]} 14. Nd2 {[%emt 0:01:27]} Kb8 {[%emt 0:11:24]} 15. Ndf3 {[%emt 0:00:37]} Ng4 {[%emt 0:01:04]} 16. Nxg4 {[%emt 0:03:45]} Bxg4 {[%emt 0:00:03]} 17. Rhd1 {[%emt 0:00:12]} Rd5 {[%emt 0:03:48]} 18. h3 {[%emt 0:01:01]} Bh5 {[%emt 0:00:06]} 19. Rac1 {[%emt 0:01:53]} f5 {[%emt 0:05:41]} 20. Rc4 {[%emt 0:04:49]} Bf6 {[%emt 0:02:29]} 21. Kd2 {[%emt 0:13:34]} Bxf3 {[%emt 0:03:26]} 22. gxf3 {[%emt 0:02:31]} Bxb2 {[%emt 0:00:34]} 23. Re1 {[%emt 0:03:37]} Rdd8 {[%emt 0:07:00]} 24. a4 {[%emt 0:06:32]} Be5 {[%emt 0:06:24]} 25. Bg5 {[%emt 0:00:34]} Bf6 {[%emt 0:00:29]} 26. Bxf6 {[%emt 0:01:21]} gxf6 {[%emt 0:00:05]} 27. Rxe8 {[%emt 0:00:04]} Rxe8 {[%emt 0:00:02]} 28. Rh4 {[%emt 0:00:06]} Re7 {[%emt 0:02:04]} 29. Rh5 {[%emt 0:01:04]} Re5 {[%emt 0:01:02]} 30. Rxh7 {[%emt 0:00:06]} Ra5 {[%emt 0:00:19]} 31. Rh4 {[%emt 0:00:05]} Kc7 {[%emt 0:00:04]} 32. Rb4 {[%emt 0:04:47]} Re5 {[%emt 0:01:06]} 33. Rb5 {[%emt 0:02:21]} Re7 {[%emt 0:00:04]} 34. Rxf5 {[%emt 0:05:19]} Rh7 {[%emt 0:00:04]} 35. Rxf6 {[%emt 0:00:04]} Rxh3 {[%emt 0:00:03]} 36. f4 {[%emt 0:00:09]} a5 {[%emt 0:00:30]} 37. Ke2 {[%emt 0:00:26]} Rh5 {[%emt 0:01:02]} 38. Re6 {[%emt 0:00:25]} b5 {[%emt 0:00:28]} 39. Re5 {[%emt 0:01:09]} 1-0

[Event "VI Sunway Sitges Open 2019"]
[Site "Sitges"]
[Date "2019.12.18"]
[Round "6.47"]
[White "Kucuksari, Kaan"]
[Black "Diaz Camallonga, Carles"]
[Result "0-1"]
[WhiteElo "2337"]
[BlackElo "2468"]
[Annotator "ChessBase"]
[PlyCount "114"]
[EventDate "2019.12.13"]
[EventType "swiss"]
[EventCountry "ESP"]
[SourceTitle "playchess.com"]
[Source "ChessBase"]
[SourceQuality "1"]
[TimeControl "40/5400+30:1800+30"]

1. d4 {[%emt 0:00:00]} e6 {[%emt 0:00:00]} 2. Nf3 {[%emt 0:00:27]} Nf6 {[%emt 0:00:00]} 3. c4 {[%emt 0:01:25]} Bb4+ {[%emt 0:00:32]} 4. Bd2 {[%emt 0:00:05]} c5 {[%emt 0:00:06]} 5. Bxb4 {[%emt 0:00:17]} cxb4 {[%emt 0:00:05]} 6. g3 {[%emt 0:00:03]} O-O {[%emt 0:00:11]} 7. Bg2 {[%emt 0:00:05]} d6 {[%emt 0:00:26]} 8. O-O {[%emt 0:00:13]} a5 {[%emt 0:00:50]} 9. a3 {[%emt 0:00:31]} Na6 {[%emt 0:03:11]} 10. axb4 {[%emt 0:01:03]} Nxb4 {[%emt 0:01:13]} 11. Nc3 {[%emt 0:00:08]} Qc7 {[%emt 0:01:20]} 12. b3 {[%emt 0:04:25]} Bd7 {[%emt 0:05:50]} 13. e4 {[%emt 0:01:14]} e5 {[%emt 0:01:20]} 14. Qd2 {[%emt 0:01:44]} Rfd8 {[%emt 0:01:41]} 15. Rfc1 {[%emt 0:04:01]} Qb8 {[%emt 0:04:29]} 16. Qe3 {[%emt 0:06:05]} Re8 {[%emt 0:11:10]} 17. dxe5 {[%emt 0:05:22]} dxe5 {[%emt 0:00:09]} 18. Nd5 {[%emt 0:00:43]} Nbxd5 {[%emt 0:03:49]} 19. cxd5 {[%emt 0:01:44]} b5 {[%emt 0:00:56]} 20. Ne1 {[%emt 0:02:09]} b4 {[%emt 0:11:25]} 21. Nd3 {[%emt 0:03:32]} Bb5 {[%emt 0:00:39]} 22. Nc5 {[%emt 0:05:23]} Qb6 {[%emt 0:01:21]} 23. Bf1 {[%emt 0:03:10]} Ng4 {[%emt 0:04:21]} 24. Qg5 {[%emt 0:03:44]} Bxf1 {[%emt 0:02:11]} 25. Qxg4 {[%emt 0:04:58]} Bb5 {[%emt 0:00:20]} 26. Qg5 {[%emt 0:01:55]} h6 {[%emt 0:03:45]} 27. Qe3 {[%emt 0:00:22]} Rec8 {[%emt 0:00:44]} 28. Na4 {[%emt 0:05:01]} Qxe3 {[%emt 0:03:20]} 29. fxe3 {[%emt 0:00:57]} Bxa4 {[%emt 0:09:53]} 30. bxa4 {[%emt 0:01:53]} Kf8 {[%emt 0:00:29]} 31. Kf1 {[%emt 0:05:10]} Ke7 {[%emt 0:00:28]} 32. g4 {[%emt 0:06:28]} Kd6 {[%emt 0:01:35]} 33. Ke2 {[%emt 0:00:17]} b3 {[%emt 0:01:43]} 34. Rcb1 {[%emt 0:07:30]} Rab8 {[%emt 0:00:59]} 35. Rb2 {[%emt 0:07:53]} Rc4 {[%emt 0:06:57]} 36. Kd3 {[%emt 0:00:25]} Rbb4 {[%emt 0:00:08]} 37. Rxb3 {[%emt 0:00:50]} Rxb3+ {[%emt 0:00:02]} 38. Kxc4 {[%emt 0:00:07]} Rxe3 {[%emt 0:00:03]} 39. Kb5 {[%emt 0:02:11]} Rxe4 {[%emt 0:00:04]} 40. Kxa5 {[%emt 0:00:00]} Rxg4 {[%emt 0:00:00]} 41. Kb5 {[%emt 0:04:34]} Rg2 {[%emt 0:06:43]} 42. a5 {[%emt 0:05:14]} Rb2+ {[%emt 0:00:20]} 43. Kc4 {[%emt 0:00:12]} Rc2+ {[%emt 0:03:39]} 44. Kb5 {[%emt 0:00:09]} Rb2+ {[%emt 0:00:17]} 45. Kc4 {[%emt 0:00:02]} Rb8 {[%emt 0:00:05]} 46. a6 {[%emt 0:00:13]} Rc8+ {[%emt 0:00:04]} 47. Kb5 {[%emt 0:00:06]} e4 {[%emt 0:08:41]} 48. a7 {[%emt 0:02:53]} Ra8 {[%emt 0:00:03]} 49. Kb6 {[%emt 0:12:19]} f5 {[%emt 0:01:26]} 50. Kb7 {[%emt 0:01:55]} Rxa7+ {[%emt 0:00:42]} 51. Kxa7 {[%emt 0:02:10]} f4 {[%emt 0:00:08]} 52. Kb6 {[%emt 0:02:02]} e3 {[%emt 0:00:14]} 53. Kb5 {[%emt 0:01:46]} Kxd5 {[%emt 0:00:05]} 54. Kb4 {[%emt 0:01:12]} Kd4 {[%emt 0:00:17]} 55. Rd1+ {[%emt 0:00:51]} Ke4 {[%emt 0:00:02]} 56. Kc4 {[%emt 0:01:17]} e2 {[%emt 0:00:22]} 57. Rd7 {[%emt 0:00:02]} Kf3 {[%emt 0:00:30]} 0-1